| 000 | 00513nam a22001457a 4500 | ||
|---|---|---|---|
| 999 |
_c2573 _d2573 |
||
| 020 | _a8125909397 | ||
| 050 | _aHF1009.5.K14 KAP | ||
| 100 | _aD. C. KAPOOR | ||
| 245 |
_aExport management _cD. C. KAPOOR |
||
| 260 |
_aNew Delhi _bVikas Pub. _c2006 |
||
| 300 | _av, 528p. | ||
| 505 | _a1. Why export 2. What is exporting 3. Trends in India's foreign trade 4. Institutional framework and export promotion 5. Eport promotion measures 6. Profile of the European union | ||
| 650 | _aExport management | ||
| 942 | _cBK | ||